<?xml version="1.0" encoding="UTF-8"?>
<record
    xmlns:xsi="http://www.w3.org/2001/XMLSchema-instance"
    xsi:schemaLocation="http://www.loc.gov/MARC21/slim http://www.loc.gov/standards/marcxml/schema/MARC21slim.xsd"
    xmlns="http://www.loc.gov/MARC21/slim">

  <leader>00929    a2200169   4500</leader>
  <controlfield tag="003">OSt</controlfield>
  <controlfield tag="005">20240305184306.0</controlfield>
  <controlfield tag="008">240215b        |||||||| |||| 00| 0 eng d</controlfield>
  <datafield tag="020" ind1=" " ind2=" ">
    <subfield code="a">9788131720936</subfield>
  </datafield>
  <datafield tag="100" ind1=" " ind2=" ">
    <subfield code="a">Stalling,W.</subfield>
    <subfield code="9">205703</subfield>
  </datafield>
  <datafield tag="245" ind1=" " ind2=" ">
    <subfield code="a">Wireless Communications &amp; Network</subfield>
  </datafield>
  <datafield tag="250" ind1=" " ind2=" ">
    <subfield code="a">2nd ed.</subfield>
  </datafield>
  <datafield tag="260" ind1=" " ind2=" ">
    <subfield code="b">Pearson</subfield>
    <subfield code="c">2008</subfield>
    <subfield code="a">New Delhi</subfield>
  </datafield>
  <datafield tag="300" ind1=" " ind2=" ">
    <subfield code="a">pp.596</subfield>
  </datafield>
  <datafield tag="520" ind1=" " ind2=" ">
    <subfield code="a">Provides an entire chapter on spread spectrum, which is pervasive in wireless technology today.

Also provides an entire chapter on satellite communications. This topic remains an important area within wireless communications.

Thorough coverage of cordless systems.

Extensive coverage of fixed wireless access, also known as wireless local loop, and IEEE 802.16 standards.
Devotes a whole chapter on Mobile IP Wireless Application Protocol (WAP).
Complete coverage of Wireless LANs, including IEEE 802.11 and Bluetooth.</subfield>
  </datafield>
  <datafield tag="942" ind1=" " ind2=" ">
    <subfield code="2">ddc</subfield>
    <subfield code="c">BK</subfield>
  </datafield>
  <datafield tag="999" ind1=" " ind2=" ">
    <subfield code="c">357106</subfield>
    <subfield code="d">357106</subfield>
  </datafield>
  <datafield tag="952" ind1=" " ind2=" ">
    <subfield code="0">0</subfield>
    <subfield code="1">0</subfield>
    <subfield code="2">ddc</subfield>
    <subfield code="4">0</subfield>
    <subfield code="7">0</subfield>
    <subfield code="8">B.Sc. IT</subfield>
    <subfield code="a">001</subfield>
    <subfield code="b">001</subfield>
    <subfield code="d">2024-01-15</subfield>
    <subfield code="e">Vaibhav Book House,Pune</subfield>
    <subfield code="g">741.00</subfield>
    <subfield code="i">1061</subfield>
    <subfield code="p">KBJP-BK-2610</subfield>
    <subfield code="r">2024-02-15 00:00:00</subfield>
    <subfield code="t">22%</subfield>
    <subfield code="v">950.00</subfield>
    <subfield code="w">2024-01-15</subfield>
    <subfield code="y">BK</subfield>
    <subfield code="z">2610</subfield>
  </datafield>
  <datafield tag="952" ind1=" " ind2=" ">
    <subfield code="0">0</subfield>
    <subfield code="1">0</subfield>
    <subfield code="2">ddc</subfield>
    <subfield code="4">0</subfield>
    <subfield code="7">0</subfield>
    <subfield code="8">B.Sc. IT</subfield>
    <subfield code="a">001</subfield>
    <subfield code="b">001</subfield>
    <subfield code="d">2024-01-15</subfield>
    <subfield code="e">Vaibhav Book House,Pune</subfield>
    <subfield code="g">741.00</subfield>
    <subfield code="i">1061</subfield>
    <subfield code="p">KBJP-BK-2606</subfield>
    <subfield code="r">2024-02-15 00:00:00</subfield>
    <subfield code="t">22%</subfield>
    <subfield code="v">950.00</subfield>
    <subfield code="w">2024-01-15</subfield>
    <subfield code="y">BK</subfield>
    <subfield code="z">2606</subfield>
  </datafield>
  <datafield tag="952" ind1=" " ind2=" ">
    <subfield code="0">0</subfield>
    <subfield code="1">0</subfield>
    <subfield code="2">ddc</subfield>
    <subfield code="4">0</subfield>
    <subfield code="7">0</subfield>
    <subfield code="8">B.Sc. IT</subfield>
    <subfield code="a">001</subfield>
    <subfield code="b">001</subfield>
    <subfield code="d">2024-01-15</subfield>
    <subfield code="e">Vaibhav Book House,Pune</subfield>
    <subfield code="g">741.00</subfield>
    <subfield code="i">1061</subfield>
    <subfield code="p">KBJP-BK-2607</subfield>
    <subfield code="r">2024-02-15 00:00:00</subfield>
    <subfield code="t">22%</subfield>
    <subfield code="v">950.00</subfield>
    <subfield code="w">2024-01-15</subfield>
    <subfield code="y">BK</subfield>
    <subfield code="z">2607</subfield>
  </datafield>
  <datafield tag="952" ind1=" " ind2=" ">
    <subfield code="0">0</subfield>
    <subfield code="1">0</subfield>
    <subfield code="2">ddc</subfield>
    <subfield code="4">0</subfield>
    <subfield code="7">0</subfield>
    <subfield code="8">B.Sc. IT</subfield>
    <subfield code="a">001</subfield>
    <subfield code="b">001</subfield>
    <subfield code="d">2024-01-15</subfield>
    <subfield code="e">Vaibhav Book House,Pune</subfield>
    <subfield code="g">741.00</subfield>
    <subfield code="i">1061</subfield>
    <subfield code="p">KBJP-BK-2609</subfield>
    <subfield code="r">2024-02-15 00:00:00</subfield>
    <subfield code="t">22%</subfield>
    <subfield code="v">950.00</subfield>
    <subfield code="w">2024-01-15</subfield>
    <subfield code="y">BK</subfield>
    <subfield code="z">2609</subfield>
  </datafield>
  <datafield tag="952" ind1=" " ind2=" ">
    <subfield code="0">0</subfield>
    <subfield code="1">0</subfield>
    <subfield code="2">ddc</subfield>
    <subfield code="4">0</subfield>
    <subfield code="7">0</subfield>
    <subfield code="8">B.Sc. IT</subfield>
    <subfield code="a">001</subfield>
    <subfield code="b">001</subfield>
    <subfield code="d">2024-01-15</subfield>
    <subfield code="e">Vaibhav Book House,Pune</subfield>
    <subfield code="g">741.00</subfield>
    <subfield code="i">1061</subfield>
    <subfield code="p">KBJP-BK-2608</subfield>
    <subfield code="r">2024-02-15 00:00:00</subfield>
    <subfield code="t">22%</subfield>
    <subfield code="v">950.00</subfield>
    <subfield code="w">2024-01-15</subfield>
    <subfield code="y">BK</subfield>
    <subfield code="z">2608</subfield>
  </datafield>
</record>
